000 00285nam a22001337a 4500
008 170614b xxu||||| |||| 00| 0 eng d
020 _a1558130543
041 _aeng
080 _a94(4)
100 _a15
101 _aSHH
245 _aRUSSIA TRANSFORMED
_cMCKAY.D
942 _2udc
_cBK
999 _c17427
_d17427